000 00865nam a22001817a 4500
005 20251108173429.0
008 250721s2006 xx 000 0 ara d
082 1 4 _aم/388.926/لجن
245 1 0 _aنقل التكنولوجيا إلى الشركات الصغيرة و المتوسطة و تحديد فرص الإستثمار المحلي و الإستثمار و الأجنبي المباشر في قطاعات مختارة /
264 1 _aنيويورك :
_bالأمم المتحدة،
_c2006.
300 _a80ص.
650 1 7 _aاللجنه الاقتصاديه والاجتماعيه لغربي آسيا
650 1 7 _aالبلدان العربيه
650 1 7 _aنقل التكنولوجيا
710 2 _aاللجنة الاقتصادية والاجتماعية لغربي آسيا ،الأمم المتحدة
942 _2ddc
_cREF
999 _c103726
_d103726